Психология: [учебник]

Chi tiết về thư mục
Tác giả chính: Петровский А. В. Артур Владимирович
Tác giả khác: Ярошевский М. Г. Михаил Григорьевич
Tóm tắt:Настоящий учебник является продолжением цикла учебников для вузов, вышедших под редакцией А.В.Петровского, - «Общая психология» (1970, 1976, 1977, 1986) и «Введение в психологию» (1995, 1996, 1997), удостоенных в 1997 г. премии Правительства Российской Федерации в области образования. В книге раскрываются предмет, методы, исторический путь развития, а также категории психологии, психические процессы и индивидуально-психологические особенности личности. Для студентов высших учебных заведений, обучающихся по педагогическим специальностям.
Ngôn ngữ:Tiếng Nga
Được phát hành: Москва, Академия, 2009
Phiên bản:9-е изд., стер.
Loạt:Высшее образование
Classicus
Классическая учебная книга
Những chủ đề:
Định dạng: MixedMaterials Sách
KOHA link:https://koha.lib.tpu.ru/cgi-bin/koha/opac-detail.pl?biblionumber=164138

MARC

LEADER 00000nam0a2200000 4500
001 164138
005 20231101222440.0
010 |a 9785769562044 
035 |a (RuTPU)RU\TPU\book\178086 
035 |a RU\TPU\book\72472 
090 |a 164138 
100 |a 20011209d2009 m y0rusy50 ca 
101 0 |a rus 
102 |a RU 
105 |a y j 001zy 
200 1 |a Психология  |e [учебник]  |f А. В. Петровский, М. Г. Ярошевский 
205 |a 9-е изд., стер. 
210 |a Москва  |c Академия  |d 2009 
215 |a 512 с. 
225 1 |a Высшее образование 
225 1 |a Classicus 
225 1 |a Классическая учебная книга 
320 |a Рекомендуемая литература: с. 497-498. 
330 |a Настоящий учебник является продолжением цикла учебников для вузов, вышедших под редакцией А.В.Петровского, - «Общая психология» (1970, 1976, 1977, 1986) и «Введение в психологию» (1995, 1996, 1997), удостоенных в 1997 г. премии Правительства Российской Федерации в области образования. В книге раскрываются предмет, методы, исторический путь развития, а также категории психологии, психические процессы и индивидуально-психологические особенности личности. Для студентов высших учебных заведений, обучающихся по педагогическим специальностям. 
451 1 |0 (RuTPU)RU\TPU\book\72472  |y 978-5-7695-4515-3  |t Психология  |o [учебник]  |f А. В. Петровский, М. Г. Ярошевский  |e 7-е изд., стер.  |c М.  |n Академия  |d 2007  |p 512 с.  |s Классическая учебная книга  |a Петровский, Артур Владимирович 
606 1 |a Психология общая  |2 stltpush  |3 (RuTPU)RU\TPU\subj\53137  |9 71487 
610 1 |a история 
610 1 |a социальная психология 
610 1 |a личность 
610 1 |a общение 
610 1 |a характер 
610 1 |a способности 
610 1 |a психологические процессы 
610 1 |a учебные пособия 
686 |a Ю93я73  |v LBC/SL-A  |2 rubbk 
700 1 |a Петровский  |b А. В.  |g Артур Владимирович 
701 1 |a Ярошевский  |b М. Г.  |g Михаил Григорьевич 
801 1 |a RU  |b 63413507  |c 20090901 
801 2 |a RU  |b 63413507  |c 20150618  |g RCR 
900 |a Психология 
942 |c BK 
959 |a 88/20090901  |d 20  |e 275,00  |f АНЛ:1  |f ЧЗГЛ:1  |f УФ:18